书目信息 |
| 题名: |
写给大众的中国哲学
|
|
| 作者: | 向世陵 主编 | |
| 分册: | ||
| 出版信息: | 北京 中国人民大学出版社 2004.01 |
|
| 页数: | 315页 | |
| 开本: | 23cm | |
| 丛书名: | 写给大众的人文艺术丛书 | |
| 单 册: | ||
| 中图分类: | B2-49 | |
| 科图分类: | ||
| 主题词: | 哲学史--zhe xue shi--中国--通俗读物 | |
| 电子资源: | ||
| ISBN: | 7-300-06051-X | |
| 000 | 01085nam 2200265 450 | |
| 001 | 012006185975 | |
| 005 | 20060920105915.81 | |
| 010 | @a7-300-06051-X@dCNY19.80 | |
| 100 | @a20060706d2004 km y0chiy0120 ea | |
| 101 | 0 | @achi |
| 102 | @aCN@b110000 | |
| 105 | @ay a 000yy | |
| 200 | 1 | @a写给大众的中国哲学@Axie gei da zhong de zhong guo zhe xue@d= Chinese philosophy to all@f向世陵主编@Fxiang shi ling zhu bian@zeng |
| 210 | @a北京@c中国人民大学出版社@d2004.01 | |
| 215 | @a315页@d23cm | |
| 225 | 2 | @a写给大众的人文艺术丛书@Axie gei da zhong de ren wen yi shu cong shu |
| 320 | @a有书目 (第314页)。 | |
| 330 | @a本书以天人之辨为中国哲学的主线,通过对哲学学派发展和思想源流承线索的梳理,一览民族文化特有的魅力和风采,突出发掘了中西古今之争的“新”时代哲学的特点,勾勒了中国哲人对自由的向往和追求等内容。 | |
| 410 | 0 | @12001 @a写给大众的人文艺术丛书 |
| 510 | 1 | @aChinese philosophy to all@zeng |
| 606 | 0 | @a哲学史@Azhe xue shi@y中国@j通俗读物 |
| 690 | @aB2-49@v4 | |
| 701 | 0 | @a向世陵@Axiang shi ling@4主编 |
| 801 | 0 | @aCN@bQSSK@c20060920 |
| 905 | @a10447@dB2-49@eX279 | |
| 写给大众的中国哲学= Chinese philosophy to all/向世陵主编.-北京:中国人民大学出版社,2004.01 |
| 315页;23cm.-(写给大众的人文艺术丛书) |
| ISBN 7-300-06051-X:CNY19.80 |
| 本书以天人之辨为中国哲学的主线,通过对哲学学派发展和思想源流承线索的梳理,一览民族文化特有的魅力和风采,突出发掘了中西古今之争的“新”时代哲学的特点,勾勒了中国哲人对自由的向往和追求等内容。 |
| ● |
| 相关链接 |
|
|
|
正题名:写给大众的中国哲学
索取号:B2-49/X279
 
预约/预借
| 序号 | 登录号 | 条形码 | 馆藏地/架位号 | 状态 | 备注 |
| 1 | 593531 | 205935318 | 社科库509/509社科库 8排4列3层/ [索取号:B2-49/X279] | 在馆 | |
| 2 | 593532 | 205935327 | 社科库509/509社科库 8排4列3层/ [索取号:B2-49/X279] | 在馆 | |
| 3 | 593533 | 205935336 | 社科库509/509社科库 8排4列3层/ [索取号:B2-49/X279] | 在馆 |